| 000 | 00579nam a22002177a 4500 | ||
|---|---|---|---|
| 003 | OSt | ||
| 005 | 20140326100856.0 | ||
| 008 | 140326b xxu||||| |||| 00| 0 eng d | ||
| 020 | _a0590265873 | ||
| 050 |
_aGB 662.3 _b.M37 2003 |
||
| 100 | _aMarzollo, Jean. | ||
| 245 |
_aI am water / _cJean Marzollo ; illustrated by Judith Moffatt. |
||
| 260 |
_aNew York : _bScholastic, _c2003. |
||
| 300 |
_a v. (unpaged) : _bcol. ill. ; _c23 cm. |
||
| 521 | _aBR | ||
| 526 | _cBR | ||
| 650 |
_aWater _vJuvenile literature. |
||
| 650 | _aWater. | ||
| 942 |
_2lcc _cBK |
||
| 999 |
_c48763 _d48763 |
||